LEADER 01409nam0-22004211i-450- 001 990005266290403321 005 20120622125942.0 010 $a3-51-5-01878-6 035 $a000526629 035 $aFED01000526629 035 $a(Aleph)000526629FED01 035 $a000526629 100 $a19990604d1975----km-y0itay50------ba 101 0 $ager 102 $aDE 105 $ay-------001yy 200 1 $aHerren und Sklaven$edie Sklaverei im oikonomischen und politischen Schriftum der Griechen in klassischer Zeit$fvon Hans Kless 210 $aWiesbaden$cF. Steiner$d1975 215 $a241 p.$d24 cm 225 1 $aForschungen zur antiken Sklaverei$v6. 300 $aTexte remanié de la thèse parue sous le titre: , Philosophische Fakultät: Erlangen-Nürnberg, 1972 610 0 $aSchiavitù$aAntichità classica 676 $a326 676 $a306.362$v22$zita 676 $a340.54$v20$zita 700 1$aKless,$bHans$0205389 801 0$aIT$bUNINA$gRICA$2UNIMARC 901 $aBK 912 $a990005266290403321 952 $aDDR-IV B 055$b2780 ddr$fDDR$m21-2895 952 $aIV M 273 (6)$b4416*$fFGBC 952 $aIV M 273 (6)$b4416*$fFGBC 952 $a306.3 KLE 1$bANT. G.R. 2167$fFLFBC 959 $aDDR 959 $aFLFBC 959 $aFGBC 996 $aHerren und Sklaven$9538225 997 $aUNINA LEADER 00860nam0-22003371i-450- 001 990001351360403321 010 $a3-540-60008-6 035 $a000135136 035 $aFED01000135136 035 $a(Aleph)000135136FED01 035 $a000135136 100 $a20000920d1995----km-y0itay50------ba 101 0 $aeng 200 1 $aReal Functions$fVasile Ene 210 $aBerlin$cSpringer-Verlag$d1995 215 $axi, 310 p.$d24 cm 225 1 $aLecture Notes in Mathematics$v1603 610 0 $aFunzione di variabile reale 676 $a515.83 700 1$aEne,$bVasile$060998 801 0$aIT$bUNINA$gRICA$2UNIMARC 901 $aBK 912 $a990001351360403321 952 $aC-20-(1603$b14157$fMA1 959 $aMA1 962 $a26A21 962 $a26A27 962 $a26A30 996 $aReal functions$978109 997 $aUNINA DB $aING01